Statistics for SMW Heavyweight Champions (Smoky Mountain Wrestling)

Click here to take the quiz!

General Stats

  • This quiz has been taken 30 times
  • The average score is 4 of 10

Answer Stats

Title ReignsLast WonChampion% Correct
21993Tracy Smothers
65%
31995Brad Armstrong
47%
21995Jerry Lawler
47%
31994The Dirty White Boy
47%
21993Brian Lee
41%
11995Terry Gordy
35%
11995Buddy Landel
29%
11994Jake Roberts
29%
11995Tommy Rich
24%
11995Bobby Blaze
18%

Score Distribution

Percentile by Number Answered

Percent of People with Each Score

Your Score History

You have not taken this quiz